| 000 | 00909cam a22002771 4500 | ||
|---|---|---|---|
| 999 |
_c5654 _d5654 |
||
| 001 | 5654 | ||
| 003 | BD-JhCC | ||
| 005 | 20180303132345.0 | ||
| 008 | 750306s1966 ru a 000 0 eng | ||
| 035 | _a(BD-JhCC)5654 | ||
| 035 | _a(OCoLC)1202547 | ||
| 040 |
_aDLC _cMeCasM _dOCoLC _dDLC |
||
| 041 | 1 |
_aeng _hrus |
|
| 050 | 0 | 0 |
_aVM145 _b.B3313 |
| 082 |
_a623.8/1 _bBAR 1963 |
||
| 100 | 1 |
_aBarabanov, N. V. _q(Nikolaĭ Vasilʹevich) |
|
| 245 | 1 | 0 |
_aStructural design of sea-going ships / _c N. Barabanov. Translated from the Russian by Oleg Sapunov. Translation editor: Boris Kuzhetsov. |
| 260 |
_aMoscow, _bPeace Publishers _c[1963] |
||
| 300 |
_a463 p. _billus. _c22 cm. |
||
| 500 | _aTranslation of: Konstrukts︠iia︡ korpusa morskikh sudov (romanized form) | ||
| 650 | 0 | _aNaval architecture. | |
| 650 | 0 | _aHulls (Naval architecture) | |
| 650 | 0 | _aShipbuilding. | |
| 942 |
_2ddc _cBK |
||